[Event "Guadalajara Peoneros op 5th"]
[Site "Guadalajara"]
[Date "2022.09.03"]
[Round "3"]
[White "Gonzalez Gomez, Juan Eduardo"]
[Black "Taberner Calvet, Pedro"]
[Result "1-0"]
[WhiteElo "1836"]
[BlackElo "1735"]
[PlyCount "67"]
[EventDate "2022.08.20"]
[EventType "swiss"]
[EventRounds "5"]
[EventCountry "MEX"]
[SourceTitle "EXT 2023"]
[Source "ChessBase"]
[SourceDate "2022.10.05"]
[SourceVersion "1"]
[SourceVersionDate "2022.10.05"]
[SourceQuality "1"]

1. e4 c5 2. Nf3 e6 3. d4 cxd4 4. Nxd4 a6 5. a3 Nf6 6. Nc3 d5 7. exd5 Nxd5 8. Nxd5 Qxd5 9. Be3 e5 10. Nb3 Qxd1+ 11. Rxd1 Nc6 12. Bc4 Bf5 13. c3 Bc2 14. Rd2 Bxb3 15. Bxb3 Rd8 16. Rxd8+ Nxd8 17. Ke2 Bd6 18. Rd1 Ke7 19. Bd5 Nc6 20. Bxf7 h6 21. Bd5 Rc8 22. Bb6 Rf8 23. Rd3 Rf6 24. Rf3 Rxf3 25. Kxf3 Kf6 26. Ke4 g6 27. g3 Bb8 28. h4 Bd6 29. Be3 g5 30. hxg5+ hxg5 31. Bb6 Bb8 32. g4 Bd6 33. b4 Bb8 34. c4 1-0